| 000 | 00773nam a22002417i 4500 | ||
|---|---|---|---|
| 003 | EG-ScBUE | ||
| 005 | 20230614115943.0 | ||
| 008 | 200219s2014 gw f b 000 0 eng d | ||
| 020 | _a9783930548309 | ||
| 040 |
_aEG-ScBUE _beng _erda _cEG-ScBUE _dEG-ScBUE |
||
| 082 | 0 | 4 |
_222 _a720 _bUNI |
| 245 | 0 | 0 |
_aUniversity of Stuttgart : _barchitecture and urban planning. |
| 264 | 1 |
_aStuttgart : _bInstitute of Urban Design, _c2014. |
|
| 300 |
_a156 pages : _bcolor illustrations, maps ; _c28 cm |
||
| 336 |
_2rdacontent _atext _btxt |
||
| 337 |
_2rdamedia _aunmediated _bn |
||
| 338 |
_2rdacarrier _avolume _bnc |
||
| 504 | _aIncludes bibliographical references. | ||
| 650 | 7 |
_aArchitecture. _2BUEsh |
|
| 650 | 7 |
_aCity planning. _2BUEsh |
|
| 655 | _vReading book | ||
| 942 |
_2ddc _cBB |
||
| 999 |
_c30483 _d30454 |
||